Countries of the World - Four Minute Sprint (no map) - Statistics

General Stats
  • This quiz has been taken 3,576 times
  • The average score is 131 of 196
Answer Stats
Answer % Correct
Canada
89%
United States
89%
United Kingdom
88%
France
87%
Mexico
86%
Brazil
85%
Germany
85%
Spain
85%
China
84%
Italy
83%
Russia
83%
Argentina
82%
Ireland
82%
India
81%
Japan
81%
Finland
80%
Greece
80%
Portugal
80%
Sweden
80%
Chile
79%
Denmark
79%
Iceland
79%
Australia
78%
Austria
78%
Belgium
78%
Iran
78%
Norway
78%
Peru
78%
Andorra
77%
Croatia
77%
Iraq
77%
Poland
77%
Albania
76%
Estonia
76%
Belarus
75%
Egypt
75%
Hungary
75%
Ukraine
75%
Bulgaria
74%
Colombia
74%
Latvia
74%
Bolivia
73%
Turkey
73%
Uruguay
73%
Bosnia and Herzegovina
72%
Cuba
72%
Haiti
72%
Lithuania
72%
Oman
72%
Romania
72%
Slovakia
72%
Ecuador
71%
Malta
71%
Monaco
71%
Netherlands
71%
Panama
71%
Paraguay
71%
Slovenia
71%
Fiji
70%
North Korea
70%
Serbia
70%
Vatican City
70%
Yemen
70%
Afghanistan
69%
Algeria
69%
Bahamas
69%
Belize
69%
Dominica
69%
Guyana
69%
Honduras
69%
Indonesia
69%
United Arab Emirates
69%
Armenia
68%
Bhutan
68%
Guatemala
68%
Israel
68%
Jordan
68%
Laos
68%
Luxembourg
68%
New Zealand
68%
Pakistan
68%
South Korea
68%
Switzerland
68%
Thailand
68%
Venezuela
68%
Barbados
67%
Chad
67%
Costa Rica
67%
Cyprus
67%
Kosovo
67%
Kuwait
67%
Nepal
67%
Niger
67%
Qatar
67%
Syria
67%
Democratic Republic of the Congo
66%
Jamaica
66%
Moldova
66%
Mongolia
66%
Saint Kitts and Nevis
66%
San Marino
66%
Suriname
66%
Vietnam
66%
Antigua and Barbuda
65%
Bahrain
65%
Benin
65%
Cambodia
65%
El Salvador
65%
Lebanon
65%
Liechtenstein
65%
Mali
65%
Nauru
65%
Republic of the Congo
65%
Azerbaijan
64%
Burma
64%
Georgia
64%
Kazakhstan
64%
Libya
64%
Macedonia
64%
Nicaragua
64%
Saint Lucia
64%
Saint Vincent and the Grenadines
64%
Samoa
64%
Saudi Arabia
64%
Taiwan
64%
Togo
64%
Angola
63%
Dominican Republic
63%
Ghana
63%
Montenegro
63%
Morocco
63%
Nigeria
63%
Tonga
63%
Brunei
62%
Grenada
62%
Malaysia
62%
Palau
62%
Sri Lanka
62%
Trinidad and Tobago
62%
Vanuatu
62%
Bangladesh
61%
Central African Republic
61%
Czech Republic
61%
Guinea
61%
Kenya
61%
Maldives
61%
Sudan
61%
Tuvalu
61%
Burundi
60%
Eritrea
60%
Ethiopia
60%
Gabon
60%
Gambia
60%
Singapore
60%
South Africa
60%
Tunisia
60%
Philippines
59%
Kiribati
58%
Papua New Guinea
58%
Rwanda
58%
Somalia
58%
South Sudan
58%
Turkmenistan
58%
Uzbekistan
58%
Zambia
58%
Comoros
57%
Djibouti
57%
East Timor
57%
Malawi
57%
Namibia
57%
Tajikistan
57%
Uganda
57%
Botswana
56%
Cameroon
56%
Guinea-Bissau
56%
Kyrgyzstan
56%
Madagascar
56%
Mauritania
56%
Federated States of Micronesia
55%
Cabo Verde
54%
Lesotho
54%
Liberia
54%
Mauritius
54%
Seychelles
54%
Marshall Islands
53%
Senegal
53%
Tanzania
53%
Zimbabwe
53%
São Tomé and Príncipe
51%
Solomon Islands
51%
Mozambique
50%
Burkina Faso
49%
Sierra Leone
49%
Cote D'Ivoire
47%
Equatorial Guinea
47%
Swaziland
44%
No matching quizzes found
Score Distribution
Percent of People with Each Score
Percentile by Number Answered
Your Score History
You have not taken this quiz